[Event "Belgrade-chT2 Quality"]
[Site "Belgrade"]
[Date "2022.10.22"]
[Round "3.4"]
[White "Radosevic, Nenad"]
[Black "Djordjevic, Zoran B"]
[Result "1-0"]
[WhiteElo "2139"]
[BlackElo "2068"]
[PlyCount "95"]
[EventDate "2022.10.15"]
[EventType "team-tourn"]
[EventRounds "13"]
[EventCountry "SRB"]
[SourceTitle "EXT 2024"]
[Source "ChessBase"]
[SourceDate "2023.10.10"]
[SourceVersion "1"]
[SourceVersionDate "2023.10.10"]
[SourceQuality "1"]
[WhiteTeam "Zemun Teleoptik"]
[BlackTeam "Zvezdara Cirilo i Metodije"]
[WhiteTeamCountry "SRB"]
[BlackTeamCountry "SRB"]

1. d4 d6 2. Nf3 Nf6 3. c4 g6 4. Nc3 Bg7 5. g3 0-0 6. Bg2 Nc6 7. 0-0 h6 8. h3 e5 9. e3 a6 10. b3 Rb8 11. Bb2 Kh8 12. Qe2 Bd7 13. Rfd1 exd4 14. exd4 Re8 15. Qd2 Qe7 16. Re1 Qf8 17. d5 Ne7 18. Ne4 Neg8 19. Nxf6 Bxf6 20. Nd4 Kh7 21. Rad1 Rxe1+ 22. Rxe1 Re8 23. Nf3 Rxe1+ 24. Nxe1 Qe7 25. Bc1 b6 26. b4 Qe5 27. Bf1 Qc3 28. Nc2 Qxd2 29. Bxd2 Kg7 30. Kg2 Ne7 31. g4 Bb2 32. Ne3 f5 33. c5 dxc5 34. bxc5 bxc5 35. Bxa6 Bd4 36. gxf5 Nxf5 37. Nxf5+ Bxf5 38. Bb7 c4 39. a4 c3 40. Bc1 c2 41. a5 g5 42. a6 Be4+ 43. Kg1 Kf6 44. d6 Bf5 45. dxc7 Bxh3 46. c8Q Bxc8 47. Bxc8 h5 48. Kg2 1-0

[Event "SRB Central-ch op"]
[Site "Pozarevac"]
[Date "2013.02.19"]
[Round "3"]
[White "Djordjevic, Zoran B"]
[Black "Ratkovic, Miloje"]
[Result "0-1"]
[WhiteElo "2083"]
[BlackElo "2249"]
[PlyCount "99"]
[EventDate "2013.02.18"]
[EventType "swiss"]
[EventRounds "9"]
[EventCountry "SRB"]
[SourceTitle "CBM 153 Extra"]
[Source "ChessBase"]
[SourceDate "2013.04.22"]
[SourceVersion "1"]
[SourceVersionDate "2013.04.22"]
[SourceQuality "1"]

1. Nf3 d5 2. d4 Nf6 3. h3 c5 4. e3 Nc6 5. Be2 cxd4 6. exd4 Bf5 7. c3 e6 8. 0-0 Qc7 9. Be3 Bd6 10. Nbd2 h6 11. Re1 0-0-0 12. b4 Kb8 13. Nb3 g5 14. b5 Ne7 15. Rc1 Ba3 16. Ne5 Bxc1 17. Qxc1 Ng6 18. g4 Be4 19. f3 Nxe5 20. dxe5 Qxe5 21. Kg2 Qc7 22. Bf2 Bg6 23. Qe3 d4 24. cxd4 Nd5 25. Qe5 Nf4+ 26. Kh2 Qxe5 27. dxe5 h5 28. Bf1 hxg4 29. fxg4 Bd3 30. h4 gxh4 31. Be3 Bxf1 32. Rxf1 Nd5 33. Bc5 Rh7 34. Rf3 Rc8 35. a4 b6 36. Bd6+ Ka8 37. Nd4 Rc3 38. Rf1 Ne3 39. Rf4 Rc4 40. Kh3 Nd5 41. Re4 Rc3+ 42. Kh2 Re3 43. Rxe3 Nxe3 44. Kh3 Rg7 45. Nf3 Rxg4 46. Nxh4 Rxa4 47. Nf3 Nf5 48. Bf8 Rf4 49. Ng5 Rh4+ 50. Kg2 0-1

[Event "SRB Central-ch op"]
[Site "Pozarevac"]
[Date "2013.02.18"]
[Round "1"]
[White "Djordjevic, Zoran B"]
[Black "Cabrilo, Goran"]
[Result "0-1"]
[WhiteElo "2083"]
[BlackElo "2437"]
[PlyCount "46"]
[EventDate "2013.02.18"]
[EventType "swiss"]
[EventRounds "9"]
[EventCountry "SRB"]
[SourceTitle "CBM 153 Extra"]
[Source "ChessBase"]
[SourceDate "2013.04.22"]
[SourceVersion "1"]
[SourceVersionDate "2013.04.22"]
[SourceQuality "1"]

1. d4 Nf6 2. Nf3 g6 3. Bf4 Bg7 4. c4 0-0 5. Nc3 c5 6. e3 cxd4 7. exd4 d5 8. c5 Nc6 9. Be2 Ne4 10. 0-0 Bg4 11. Ne5 Nxe5 12. Bxg4 Nxg4 13. Qxg4 Bxd4 14. Nxe4 dxe4 15. Rfd1 Qd5 16. Be3 e5 17. Bxd4 exd4 18. f3 f5 19. Qf4 Rad8 20. Rac1 Rfe8 21. b3 d3 22. Qe3 f4 23. Qxf4 e3 0-1

[Event "SRB-chT2 West CS"]
[Site "Serbia"]
[Date "2012.09.14"]
[Round "1.2"]
[White "Trpkovic, Miroljub"]
[Black "Djordjevic, Zoran B"]
[Result "1/2-1/2"]
[WhiteElo "1953"]
[BlackElo "2109"]
[PlyCount "51"]
[EventDate "2012.09.14"]
[EventType "team"]
[EventRounds "10"]
[EventCountry "SRB"]
[SourceTitle "EXT 2015"]
[Source "ChessBase"]
[SourceDate "2014.11.20"]
[SourceVersion "1"]
[SourceVersionDate "2014.11.20"]
[SourceQuality "1"]

1. e4 c5 2. Nf3 d6 3. d4 cxd4 4. Qxd4 Nc6 5. Qd1 Nf6 6. Nc3 Bg4 7. Be2 e6 8. 0-0 Be7 9. Nd4 Nxd4 10. Qxd4 0-0 11. Rd1 Bxe2 12. Nxe2 Rc8 13. c3 Qa5 14. h3 d5 15. e5 Ne4 16. Qe3 Bg5 17. Qd3 Bxc1 18. Rdxc1 Qb6 19. Qe3 Qxe3 20. fxe3 Nc5 21. Rd1 Rfd8 22. Nd4 Nd7 23. Nf3 Rc4 24. Rd4 Rdc8 25. Rad1 h6 26. e4 1/2-1/2

[Event "SRB-chT Central"]
[Site "Pozarevac"]
[Date "2012.02.19"]
[Round "9"]
[White "Djordjevic, Zoran B"]
[Black "Tosic, Nebojsa"]
[Result "0-1"]
[WhiteElo "2060"]
[BlackElo "2214"]
[PlyCount "84"]
[EventDate "2012.02.13"]
[EventType "team-swiss"]
[EventRounds "9"]
[EventCountry "SRB"]
[SourceTitle "CBM 146 Extra"]
[Source "ChessBase"]
[SourceDate "2012.02.29"]
[SourceVersion "1"]
[SourceVersionDate "2012.02.29"]
[SourceQuality "1"]

1. d4 Nf6 2. c4 c5 3. Nf3 e6 4. Nc3 a6 5. Bg5 cxd4 6. Nxd4 Nc6 7. e3 Bb4 8. Rc1 h6 9. Bxf6 Qxf6 10. a3 Be7 11. Be2 h5 12. Nxc6 bxc6 13. Bxh5 Qe5 14. Bf3 Rxh2 15. Rxh2 Qxh2 16. Kd2 Rb8 17. Kc2 Qh4 18. Qe2 d5 19. Rd1 a5 20. cxd5 cxd5 21. g3 Qf6 22. Rd4 Bd7 23. Kd1 g5 24. Ke1 Bc5 25. Rd3 Rb3 26. Nxd5 Qxb2 27. Qxb2 Rxb2 28. Nf6+ Ke7 29. Nxd7 Bd6 30. Bc6 Rc2 31. Bb5 Rc1+ 32. Ke2 Rb1 33. a4 f5 34. Nb6 Bb4 35. Nc4 Re1+ 36. Kf3 Rg1 37. e4 g4+ 38. Kf4 Rg2 39. exf5 Rxf2+ 40. Kxg4 exf5+ 41. Kg5 Kf7 42. Rd5 Be7+ 0-1

[Event "SRB-chT Central"]
[Site "Pozarevac"]
[Date "2012.02.17"]
[Round "6"]
[White "Garic, Radomir"]
[Black "Djordjevic, Zoran B"]
[Result "1-0"]
[WhiteElo "2274"]
[BlackElo "2060"]
[PlyCount "129"]
[EventDate "2012.02.13"]
[EventType "team-swiss"]
[EventRounds "9"]
[EventCountry "SRB"]
[SourceTitle "CBM 146 Extra"]
[Source "ChessBase"]
[SourceDate "2012.02.29"]
[SourceVersion "1"]
[SourceVersionDate "2012.02.29"]
[SourceQuality "1"]

1. e4 d6 2. d4 g6 3. g3 Bg7 4. Bg2 Nf6 5. Ne2 0-0 6. 0-0 e5 7. Nbc3 Nc6 8. dxe5 dxe5 9. Bg5 Be6 10. Nd5 h6 11. Nxf6+ Bxf6 12. Bxh6 Bg7 13. Qc1 Nd4 14. Nxd4 Qxd4 15. Be3 Qc4 16. b3 Qc3 17. Bd2 Qc6 18. Qb2 a5 19. a4 Rfd8 20. Bc3 Qc5 21. Rfd1 Bg4 22. Rd5 Rxd5 23. exd5 Re8 24. Re1 Bf5 25. h3 b6 26. Re2 b5 27. g4 b4 28. gxf5 bxc3 29. Qc1 gxf5 30. Qg5 Qd4 31. Qxf5 Qd1+ 32. Bf1 Qxd5 33. Re3 Qe6 34. Qxe6 Rxe6 35. Rxc3 e4 36. Rg3 Kf8 37. Bc4 Re5 38. Kf1 Rf5 39. Ke2 Bd4 40. f3 e3 41. Rg4 Bb6 42. f4 Rf6 43. Kf3 Rd6 44. Bd3 Re6 45. Rg2 Rh6 46. Rh2 Ke7 47. h4 Kf6 48. h5 Bc5 49. Ke4 Ba7 50. Be2 Bc5 51. Rg2 Rh8 52. Rg5 Re8+ 53. Re5 Rxe5+ 54. fxe5+ Kg5 55. Kd5 Bf8 56. c3 Kf4 57. b4 axb4 58. cxb4 c6+ 59. Kxc6 Bxb4 60. h6 Bc3 61. h7 Bxe5 62. a5 Ke4 63. a6 f5 64. a7 f4 65. a8Q 1-0

[Event "Belgrade-ch"]
[Site "Belgrade"]
[Date "2012.01.26"]
[Round "5"]
[White "Radlovacki, Jovan"]
[Black "Djordjevic, Zoran B"]
[Result "1-0"]
[WhiteElo "2421"]
[BlackElo "2060"]
[PlyCount "57"]
[EventDate "2012.01.22"]
[EventType "swiss"]
[EventRounds "9"]
[EventCountry "SRB"]
[SourceTitle "CBM 146 Extra"]
[Source "ChessBase"]
[SourceDate "2012.02.29"]
[SourceVersion "1"]
[SourceVersionDate "2012.02.29"]
[SourceQuality "1"]

1. e4 c5 2. Nf3 e6 3. d3 Nc6 4. g3 d5 5. Nbd2 Nf6 6. Bg2 Be7 7. 0-0 0-0 8. Re1 b5 9. c3 Bb7 10. e5 Nd7 11. Nf1 b4 12. c4 dxc4 13. dxc4 Qc8 14. Qe2 a5 15. Bf4 Nd4 16. Nxd4 cxd4 17. Bxb7 Qxb7 18. Rad1 Bc5 19. Nd2 Rfd8 20. Ne4 b3 21. a3 Qb6 22. Rd3 a4 23. Red1 Nb8 24. Qh5 Be7 25. Bg5 Ra7 26. Bxe7 Rxe7 27. Nf6+ gxf6 28. exf6 Nc6 29. Qh6 1-0